Umbra- Ghost - Statistics

General Stats
  • This quiz has been taken 37 times
  • The average score is 130 of 151
Answer Stats
Answer % Correct
I
100%
In
100%
in
100%
is
100%
light
100%
of
100%
see
100%
so
100%
son
100%
the
100%
The
100%
you
100%
you x2
100%
altar
89%
(altar)
89%
and
89%
candles
89%
chosen
89%
holy
89%
It's
89%
one
89%
through
89%
with
89%
your
89%
black
78%
killing
78%
lit
78%
love
78%
make
78%
my
78%
Nazarene
78%
presence
78%
shadows,
78%
shadows
78%
shine
78%
angel
67%
cold
67%
darker,
67%
darker
67%
(darker),
67%
godly
67%
put
67%
soul
67%
will
67%
becomes
56%
chapel
56%
death
56%
deep
56%
lay
56%
lover
56%
me
56%
pale
56%
scene
56%
sin
56%
temple
56%
thrilling
56%
within
56%
better,
44%
stripped
33%
No matching quizzes found
Score Distribution
Percent of People with Each Score
Percentile by Number Answered
Your Score History
You have not taken this quiz